000 00574nam a2200217 a 4500
001 0001-2087
003 ELIB.Books
008 190722 2010 eng
020 _a0687342961
092 _a231.7
_bFre
100 _aFretheim, Terence E.
245 _aGod and World in the Old Testament
260 _aNashville
_bAbingdon Press
_c2005
300 _a397
_c20.5cm
650 _aCreation
856 _nKBTS Library
_uKBTS Elib
942 _2ddc
_cBK
990 _a3
998 _aEnglishbooks.elf
_ccat
_e2019-07-22
_mcat
_u2019-10-09
999 _c12087
_d12087